00886nam a2200241 a 450000100060000000300080000600500170001400800410003103500190007204000400009104100080013108200240013910000170016324501330018026000580031330000270037149000580039865000280045665000180048465000410050265000430054383000580058649799BD-RjUL20211209054730.0160822s1941 -us 000 0 eng  a(BD-RjUL)49919 aDLCcOClUdOCoLCdDLCdBD-RjULbeng aeng a371.3223bAPP 1941 aAppy, Nellie10aPupils are people :ba report of the Committee on Individual Differences, National Council of Teachers of English /cNellie Appy aNew York :bD. Appleton-Century Company, inc.,cc1941 axiii, 303 p. ;c25 cm.0 aThe National Council of Teachers of English. English 0aDifference (Psychology) 0aIndividuality 0aEnglish languagexStudy and teaching 0aEnglish literaturexStudy and teaching aThe National Council of Teachers of English. English